Designing web site images : a practical guide /
Overview of design. Web graphic imaging. Compression techniques. Color and palettes. Graphic creation. Backgrounds. Buttons and other navigational graphics. Typography and text. Animating gifts. Collage, image maps, and navigation.
Gespeichert in:
| 1. Verfasser: | |
|---|---|
| Format: | Buch |
| Sprache: | English |
| Veröffentlicht: |
Albany, N.Y. :
Delmar; Thomson Learning,
2000.
|
| Schlagworte: | |
| Tags: |
Tag hinzufügen
Keine Tags, Fügen Sie den ersten Tag hinzu!
|
| Thư viện lưu trữ: | Mạng thư viện Đại học Đà Nẵng |
|---|
| LEADER | 01166cam a2200373 i 4500 | ||
|---|---|---|---|
| 001 | 000048994 | ||
| 003 | 8721 | ||
| 005 | 20030311111445.0 | ||
| 008 | 010322|2000 vm 000 eng | ||
| 020 | |a 076681484X | ||
| 040 | |a IRC |c IRC |d IRC | ||
| 041 | 0 | |a eng | |
| 082 | 1 | 4 | |a 006.6 |b BE-G |
| 100 | 1 | |a Berryhill, Gene. | |
| 245 | 0 | 0 | |a Designing web site images : |b a practical guide / |c Gene Berryhill. |
| 260 | |a Albany, N.Y. : |b Delmar; Thomson Learning, |c 2000. | ||
| 300 | |a 265 p. ; |c 23cm. | ||
| 520 | 3 | |a Overview of design. Web graphic imaging. Compression techniques. Color and palettes. Graphic creation. Backgrounds. Buttons and other navigational graphics. Typography and text. Animating gifts. Collage, image maps, and navigation. | |
| 630 | 0 | 4 | |a Internet. |
| 630 | 0 | 4 | |a Computer graphics. |
| 630 | 0 | 4 | |a Web sites. |
| 650 | 0 | 4 | |a Web sites |x Design. |
| 650 | 0 | 4 | |a Computer graphics. |
| 650 | 0 | 4 | |a Internet. |
| OWN | |a DUT | ||
| 999 | |a From the UDN01 | ||
| TYP | |a Monograph | ||
| TYP | |a Printed language | ||
| 980 | |a Mạng thư viện Đại học Đà Nẵng | ||


